In The Third Session Of The Third Parliament Of The Fourth Republic Of Ghana Report Of The Joint Committee On Finance And Roads & Transport On The Tax And Duty Exemptions For The Execution Of The Quay 2 Extension Works At Tema Port (Record no. 4882)

MARC details
000 -LEADER
fixed length control field 00702nam a22001697a 4500
003 - CONTROL NUMBER IDENTIFIER
control field OSt
005 - DATE AND TIME OF LATEST TRANSACTION
control field 20241127154154.0
008 - FIXED-LENGTH DATA ELEMENTS--GENERAL INFORMATION
fixed length control field 241127b |||||||| |||| 00| 0 eng d
041 ## - LANGUAGE CODE
Language code of text/sound track or separate title English
082 ## - DEWEY DECIMAL CLASSIFICATION NUMBER
Classification number PM/RJC/03 Acc No 10524
110 ## - MAIN ENTRY--CORPORATE NAME
Corporate name or jurisdiction name as entry element Parliament Of Ghana
245 ## - TITLE STATEMENT
Title In The Third Session Of The Third Parliament Of The Fourth Republic Of Ghana Report Of The Joint Committee On Finance And Roads & Transport On The Tax And Duty Exemptions For The Execution Of The Quay 2 Extension Works At Tema Port
260 ## - PUBLICATION, DISTRIBUTION, ETC.
Place of publication, distribution, etc. Accra
Name of publisher, distributor, etc. Parliament Of Ghana
Date of publication, distribution, etc. 2003
300 ## - PHYSICAL DESCRIPTION
Extent 9p
650 ## - SUBJECT ADDED ENTRY--TOPICAL TERM
Source of heading or term The Tax And Duty Exemptions For The Execution Of The Quay 2 Extension Works At Tema Port
942 ## - ADDED ENTRY ELEMENTS (KOHA)
Source of classification or shelving scheme Dewey Decimal Classification
Koha item type Reports
Suppress in OPAC No
Holdings
Withdrawn status Lost status Source of classification or shelving scheme Damaged status Not for loan Home library Current library Shelving location Date acquired Total checkouts Full call number Date last seen Copy number Price effective from Koha item type
    Dewey Decimal Classification     Main Library Main Library Open Shelves 27/11/2024   PM/RJC/03 Acc No 10524 C1 27/11/2024 1 27/11/2024 Reports
    Dewey Decimal Classification     Main Library Main Library Open Shelves 27/11/2024   PM/RJC/03 Acc No 10525 C2 27/11/2024 2 27/11/2024 Reports
©2026  Parliament of Ghana Library - All rights reserved